| 000 | 00730nam a2200205 a 4500 | ||
|---|---|---|---|
| 001 | 000004551 | ||
| 005 | 20200929151447.0 | ||
| 008 | 840402s1921 sp a 000 0 spa | ||
| 040 |
_aDO-SdBNP _bspa _cBNPHU |
||
| 082 |
_a841.808 _bV521p |
||
| 100 | 1 |
_aVerlaine, Paul, _d1844-1896. _913299 |
|
| 245 | 1 | 4 |
_aLos poetas malditos / _cPaul Verlaine ; traducción en prosa y en verso por M. Bacarisse. |
| 260 |
_aMadrid : _bMundo Latino, _c1921. |
||
| 300 |
_a196 p. : _ail. ; _c19 cm. |
||
| 490 | 1 |
_aObras completas _vvol. 2 |
|
| 650 | 4 |
_aPoesía francesa _94916 |
|
| 650 | 4 |
_aLiteratura francesa _ySIGLO XIX _xHistoria y crítica _95239 |
|
| 700 | 1 |
_aBacarisse, Mauricio, _d1895-1931. _etr. _913300 |
|
| 830 | 0 |
_aObras completas ; _vvol. 2 _95549 |
|
| 999 |
_c4359 _d4359 |
||